Search on for best of the best (Record no. 70330)
[ view plain ]
| 000 -LEADER | |
|---|---|
| fixed length control field | 00909cam a2200193 4500 |
| 001 - CONTROL NUMBER | |
| control field | WB3819-26 |
| 008 - FIXED-LENGTH DATA ELEMENTS--GENERAL INFORMATION | |
| fixed length control field | 020522n2002 000 0 eng u |
| 035 ## - SYSTEM CONTROL NUMBER | |
| System control number | (Sirsi) u118094 |
| 245 ## - TITLE STATEMENT | |
| Title | Search on for best of the best |
| 260 ## - PUBLICATION, DISTRIBUTION, ETC. | |
| Date of publication, distribution, etc. | 2002 |
| 490 ## - SERIES STATEMENT | |
| Series statement | RICS Press Release |
| Volume/sequential designation | (pr056) 22 May 2002, (2) |
| 520 ## - SUMMARY, ETC. | |
| Summary, etc. | The RICS Awards 2003 have been launched with the aim of encouraging sustainable development in the built environment. Awards will be given in building conservation, urban, rural or coastal regeneration, and building efficiency with an overall winner awarded the title 'Building of the Year'. Closing date for entries is 26 July 2002. http://www.rics.org/ricscms/bin/show?class=PressRelease&template=/includes/showpr.html&id=738 |
| 590 ## - LOCAL NOTE (RLIN) | |
| Local note | WB |
| 650 ## - SUBJECT ADDED ENTRY--TOPICAL TERM | |
| Topical term or geographic name entry element | ABOUT RICS-AWARDS |
| 650 ## - SUBJECT ADDED ENTRY--TOPICAL TERM | |
| Topical term or geographic name entry element | SUSTAINABLE DEVELOPMENT |
| 650 ## - SUBJECT ADDED ENTRY--TOPICAL TERM | |
| Topical term or geographic name entry element | BUILT ENVIRONMENT |
| 690 ## - LOCAL SUBJECT ADDED ENTRY--TOPICAL TERM (OCLC, RLIN) | |
| Topical term or geographic name as entry element | RICS NEWS |
| 942 ## - ADDED ENTRY ELEMENTS (KOHA) | |
| Suppress in OPAC | 0 |
| Withdrawn status | Lost status | Source of classification or shelving scheme | Damaged status | Not for loan | Home library | Current library | Shelving location | Date acquired | Total Checkouts | Full call number | Barcode | Date last seen | Copy number | Price effective from | Koha item type |
|---|---|---|---|---|---|---|---|---|---|---|---|---|---|---|---|
| Dewey Decimal Classification | London | London | News article | 22/05/2002 | WB3819-26 | 118094-1001 | 06/08/2019 | 1 | 06/08/2019 | News article |